00922cam a22003254a 450000100090000000300040000900500170001300800410003001000170007102000180008804000130010604200100011904300120012905000240014108200230016510000210018824500710020925000130028026000750029330000280036850400510039652100210044752600190046854100060048754100060049354100060049956200060050565000370051165100480054815966818OSt20140310183116.0091030s2009 ph b 001 0 eng  a 2009516453 a9789712345463 aDLCcDLC alcode aa-ph---00aKPM1750b.L431 2006 2FIL 342 bL45 20061 aLazo, Ricardo S.10aPhilippine governance and the 1987 constitutioncLazo, Ricardo S.  a2009 ed. aManila, Philippines bPublished & distributed by Rex Book Storecc2006 axxviii, 500 p. c26 cm. aIncludes bibliographical references and index. aCollege Students c1210L to 1700L j1 j2 j3 e3 0aConstitutional lawzPhilippines. 0aPhilippinesxPolitics and governmenty1973-